00946nam a2200277 i 4500001000300000100002700003245011200030260003400142300002100176500001900197504002600216650003400242650003300276650004500309710002700354020001500381040000800396041001100404080002300415920001800438942000700456008004100463999001700504856009800521952004900619bg1 aSZMYTKOWSKI, Radosław10aMetoda R-macierzy dla równań Schrödingera i Diraca /cRadosław Szmytkowski ; Politechnika Gdańska. aGdańsk :bWydaw. PG,c1999. a164 s. ;c24 cm. aStreszcz. ang. aBibliogr. s. 155-162. 9aFizyka jądrowaxzagadnienia 9aMacierzexstosowaniexfizyka 9aRachunek operatorowyxstosowaniexfizyka 0aPolitechnika Gdańska a8388007033 cBPK0 aplben a512.64+517.4:539.1 a83-88007-03-3 cKS s pl f |000 0 pol  c38429d38429 uhttp://koha.tu.koszalin.pl/cgi-bin/koha/opac-detail.pl?biblionumber=38429yKatalog online BPK 00104070aBPKbBPKcwo55979p01510430yKS